দৃশ্যত সব মিথ্যে / (Record no. 14134)
[ view plain ]
| 000 -LEADER | |
|---|---|
| fixed length control field | 00689nam a2200229 a 4500 |
| 001 - CONTROL NUMBER | |
| JCCL Control Number | 14134 |
| 003 - CONTROL NUMBER IDENTIFIER | |
| JCCL marc code | BD-JhCC |
| 005 - DATE AND TIME OF LATEST TRANSACTION | |
| control field | 20250109102654.0 |
| 008 - FIXED-LENGTH DATA ELEMENTS--GENERAL INFORMATION | |
| fixed length control field | 170925s2025 bg |||| ||a| 000 0 ben d |
| 020 ## - INTERNATIONAL STANDARD BOOK NUMBER | |
| International Standard Book Number | 978984990877 |
| 035 ## - SYSTEM CONTROL NUMBER | |
| system control number | (BD-JhCC)14134 |
| 040 ## - CATALOGING SOURCE | |
| Original cataloging agency | BD-JhCC |
| Transcribing agency | BD-JhCC |
| Modifying agency | BD-JhCC |
| 041 ## - LANGUAGE CODE | |
| Language code of Book | ben |
| 082 ## - DEWEY DECIMAL CLASSIFICATION NUMBER | |
| Classification number | 891.4415 |
| Author mark and Year | RID 2025 |
| 100 ## - MAIN ENTRY--PERSONAL NAME | |
| Personal name | রিদওয়ান |
| 245 ## - TITLE STATEMENT | |
| Title | দৃশ্যত সব মিথ্যে / |
| Statement of responsibility, etc | রিদওয়ান । |
| 260 ## - PUBLICATION, DISTRIBUTION, ETC. (IMPRINT) | |
| Place of publication, distribution, etc | ঢাকা; |
| Name of publisher, distributor, etc | নব সাহিত্য প্রকাশনী: |
| Date of publication, distribution, etc | 2025, |
| 300 ## - PHYSICAL DESCRIPTION | |
| Pagination | 64 পৃ. ; |
| Dimensions | 22 সেমি |
| 650 ## - SUBJECT ADDED ENTRY--TOPICAL TERM | |
| Topical term or geographic name as entry element | Poems |
| 942 ## - ADDED ENTRY ELEMENTS (KOHA) | |
| Source of classification or shelving scheme | Dewey Decimal Classification |
| Koha item type | Books |
| Source of classification or shelving scheme | Damaged status | Not for loan | Home library | Current library | Shelving location | Date of accession | Source of acquisition | Cost, normal purchase price | Total Checkouts | Full call number | Barcode | Checked out | Date last seen | Date checked out | Copy number | Method of acquisition | Koha item type | Currency |
|---|---|---|---|---|---|---|---|---|---|---|---|---|---|---|---|---|---|---|
| Dewey Decimal Classification | JCC Rouf Library | JCC Rouf Library | General Stacks | রিদওয়ান,২৭৩৮/৫১, খায়বার | 260.00 | 1 | 891.4415 RID 2025 | 20016 | 02/23/2025 | 01/19/2025 | 01/19/2025 | C-1 | Gift/Donation | Books | BDT | |||
| Dewey Decimal Classification | JCC Rouf Library | JCC Rouf Library | General Stacks | রিদওয়ান,২৭৩৮/৫১, খায়বার | 260.00 | 891.4415 RID 2025 | 20015 | 01/09/2025 | C-2 | Gift/Donation | Books | BDT |